México : hacia la reconstrucción de una economía /

שמור ב:
מידע ביבליוגרפי
מחבר ראשי: Lustig, Nora (autor)
פורמט: ספר
שפה:ספרדית
יצא לאור: México : El Colegio de México : Fondo de Cultura Económica, 2002, c1994
מהדורה:2a edición
סדרה:(Sección de Obras de Economía Latinoamericana)
נושאים:
תגים: הוספת תג
אין תגיות, היה/י הראשונ/ה לתייג את הרשומה!

MARC

LEADER 00000nam^a2200000^a^4500
001 000168755
005 20250521000000.0
009 20260310101211.982
020 |a 968-16-6466-3 
037 |a Acervo ITESO - Biblioteca 
041 |a ESP 
082 |a 330. 9720638  |b LUS 
100 |a Lustig, Nora  |e (autor) 
245 1 0 |a México :  |b hacia la reconstrucción de una economía /  |c N. Lustig ; pref. de Bruce K. MacLaury, Michael H. Armacost ; tr. por Eduardo L. Suárez, Peter Lustig. 
250 |a 2a edición 
264 4 |a México :  |b El Colegio de México :  |c 2002, c1994  |b Fondo de Cultura Económica, 
300 |a 307 p. 
336 |a texto  |b txt  |2 rdacontenido 
337 |a sin mediación  |b n  |2 rdamedio 
338 |a volumen  |b nc  |2 rdasoporte 
440 1 |a (Sección de Obras de Economía Latinoamericana) 
500 |a Traducción de: Mexico: The Remaking of an Economy 
649 |a XX 
650 |a Crisis Económica -  |z México 
650 |a Política Económica -  |z México 
650 |a Apertura Comercial e Integración Económica -  |z México 
650 |a Economía -  |z México -  |x Historia -  |y 1982-1988 
650 |a México -  |x Condiciones Económicas 
910 |a Fondo General 
920 |a Impresos - Libros 
930 |a Colección General 
905 |a 101 
901 |a 0500104874  |b IT1  |c ACC  |u 20250521 
901 |a 0500107083  |b IT1  |c ACC  |u 20250521 
902 |a https://opac.biblio.iteso.mx/vufind/Record/000168755